000 00578nam a2200217Ia 4500
005 20250923145535.0
008 008 250917s9999 xx 000 0 eng d
037 _aTextual
040 _aDSWL
_beng
_cDSWL
041 _aeng
_2eng
084 _aSM9,10aY:1.2, N81
_qDSWL
100 _aKakar, Sudhir
_9836371
245 4 _aThe inner world
_c by Sudhir Kakar
250 _a2nd
260 _aDelhi
_bOxford
_c1981
300 _a241 p.
365 _aINR
_b58.5
925 _g58.5
942 _cTEXL
_hSM9,10aY:1.2, N81
999 _c1452635
_d1452635